Music Quiz

Random Music or Song Quiz

Rise Against Songs Quiz Stats

 Plays Quiz not verified by Sporcle

Challenge
Share
Tweet
Embed
Score 0/97 Timer 16:00
0 Plays Today
% Correct
Savior
84%
Prayer of the Refugee
82%
Hero of War
82%
Ready to Fall
80%
Help Is on the Way
80%
Endgame
80%
Swing Life Away
78%
Drones
78%
Audience of One
76%
Satellite
76%
Give It All
72%
Injection
72%
The Good Left Undone
72%
Survive
72%
Roadside
70%
Kotov Syndrome
70%
Architects
70%
Paper Wings
66%
Collapse (Post-Amerika)
66%
This is Letting Go
66%
Everchanging
64%
Like the Angel
64%
State of the Union
64%
Long Forgotten Sons
64%
Make It Stop (September's Children)
64%
The Unraveling
62%
Chamber the Cartridge
62%
Bricks
60%
Survivor Guilt
60%
Broken Mirrors
60%
Wait For Me
60%
Under the Knife
58%
Entertainment
58%
% Correct
A Gentlemen's Coup
58%
Re-Education (Through Labor)
56%
Hairline Fracture
56%
Whereabouts Unknown
56%
Any Way You Want It
54%
Life Less Frightening
54%
Blood to Bleed
54%
Behind Closed Doors
54%
The Dirt Whispered
54%
Disparity By Design
54%
Lanterns
54%
Torches
52%
To Them These Streets Belong
52%
The Approaching Curve
52%
Midnight Hands
52%
Alive and Well
50%
Six Ways 'Til Sunday
50%
Amber Changing
50%
From Heads Unworthy
50%
Black Masks & Gasoline
48%
Heaven Knows
48%
Blood Red, White & Blue
48%
Tip the Scales
48%
Rumors of My Demise Have Been Greatly Exaggerated
48%
Worth Dying For
48%
But Tonight We Dance
48%
1000 Good Intentions
46%
Elective Amnesia
46%
Historia Calamitatum
46%
401 Kill
44%
The First Drop
44%
Dancing For Rain
44%
My Life Inside Your Heart
42%
% Correct
Gethsemane
42%
The Strength to Go On
42%
Join the Ranks
40%
Halfway There
40%
Broken English
40%
To the Core
40%
Last Chance Blueprint
38%
Great Awakening
36%
The Art of Losing
36%
Stained Glass and Marble
36%
Voices Off Camera
36%
3 Day Weekend
34%
Dead Ringer
34%
Anywhere But Here
34%
Boy's No Good
34%
Fix Me
34%
Remains of Summer Memories
30%
Reception Fades
30%
Weight Of Time
30%
Faint Resemblance
30%
Grammatizator
30%
Sight Unseen
30%
Sometimes Selling Out is Giving Up
28%
Generation Lost
28%
Built To Last
26%
Little Boxes
26%
Obstructed View
24%
Death Blossoms
24%
Voice Of Dissent
20%
Making Christmas
20%
Nervous Breakdown
18%

You're not logged in!

Compare scores with friends on all Sporcle quizzes.
Join for Free
OR
Log In

You Might Also Like...

Show Comments

Extras

Created Apr 15, 2011ReportNominate
Tags:Song Quiz, against, rise, Rise Against

Top Quizzes Today


Score Distribution

Your Account Isn't Verified!

In order to create a playlist on Sporcle, you need to verify the email address you used during registration. Go to your Sporcle Settings to finish the process.

Report this User

Report this user for behavior that violates our Community Guidelines.

Details: